| 000 | 00400nam a22001697a 4500 | ||
|---|---|---|---|
| 005 | 20160630104507.0 | ||
| 008 | 160630b xxu||||| |||| 00| 0 eng d | ||
| 020 | _a81-88458-03-1 | ||
| 041 | _aeng | ||
| 082 | _b19442 | ||
| 100 |
_aSaeed, A Hasan _93271 |
||
| 245 | _aControl System | ||
| 260 |
_bS.K. Kataria & Sons _c2011-12 |
||
| 300 | _a544 | ||
| 650 |
_aDiploma Engineering _9817 |
||
| 942 | _cBK | ||
| 999 |
_c4854 _d4852 |
||